|
|
|
|
| LEADER |
00000cam a22000004a 4500 |
| 001 |
musev2_41892 |
| 003 |
MdBmJHUP |
| 005 |
20230905044405.0 |
| 006 |
m o d |
| 007 |
cr||||||||nn|n |
| 008 |
111020s2010 bcc o 00 0 eng d |
| 020 |
|
|
|a 9780774819299
|
| 020 |
|
|
|z 0774819294
|
| 035 |
|
|
|a (OCoLC)757836007
|
| 040 |
|
|
|a MdBmJHUP
|c MdBmJHUP
|
| 100 |
1 |
|
|a Baruah, Bipasha,
|d 1971-
|
| 245 |
1 |
0 |
|a Women and Property in Urban India /
|c Bipasha Baruah.
|
| 264 |
|
1 |
|a Toronto :
|b UBC Press,
|c 2010.
|
| 264 |
|
3 |
|a Baltimore, Md. :
|b Project MUSE,
|c 2016
|
| 264 |
|
4 |
|c ©2010.
|
| 300 |
|
|
|a 1 online resource (258 pages):
|b map
|
| 336 |
|
|
|a text
|b txt
|2 rdacontent
|
| 337 |
|
|
|a computer
|b c
|2 rdamedia
|
| 338 |
|
|
|a online resource
|b cr
|2 rdacarrier
|
| 505 |
0 |
|
|a Minding the gap : gender and property ownership -- Locating gender and property in development discourse -- Place matters : orientation to research location and context -- Complicated lives : urban women and multiple vulnerabilities -- Gendered realities : property ownership and tenancy relationships -- Women and housing microfinance -- Partnership projects for urban basic services -- Conclusions : seeing the forest and the trees.
|
| 520 |
|
|
|a An intimate exploration of the opportunities and constraints faced by low-income women in Ahmedabad, as throughout the Global South, in securing access to landed property.
|
| 588 |
|
|
|a Description based on print version record.
|
| 650 |
|
7 |
|a Urban women
|x Housing.
|2 fast
|0 (OCoLC)fst01162698
|
| 650 |
|
7 |
|a Right of property.
|2 fast
|0 (OCoLC)fst01097863
|
| 650 |
|
7 |
|a Land tenure.
|2 fast
|0 (OCoLC)fst00991362
|
| 650 |
|
7 |
|a POLITICAL SCIENCE
|x Political Freedom & Security
|x Human Rights.
|2 bisacsh
|
| 650 |
|
7 |
|a POLITICAL SCIENCE
|x Political Freedom & Security
|x Civil Rights.
|2 bisacsh
|
| 650 |
|
6 |
|a Femmes en milieu urbain
|x Logement
|z Inde.
|
| 650 |
|
6 |
|a Droit de propriete
|z Inde.
|
| 650 |
|
0 |
|a Urban women
|x Housing
|z India.
|
| 650 |
|
0 |
|a Right of property
|z India.
|
| 650 |
|
0 |
|a Land tenure
|z India.
|
| 651 |
|
7 |
|a India.
|2 fast
|0 (OCoLC)fst01210276
|
| 655 |
|
7 |
|a Electronic books.
|2 local
|
| 710 |
2 |
|
|a Project Muse.
|e distributor
|
| 830 |
|
0 |
|a Book collections on Project MUSE.
|
| 856 |
4 |
0 |
|z Texto completo
|u https://projectmuse.uam.elogim.com/book/41892/
|
| 945 |
|
|
|a Project MUSE - Custom Collection
|
| 945 |
|
|
|a Project MUSE - Archive Complete Supplement IV
|
| 945 |
|
|
|a Project MUSE - Archive Global Cultural Studies Supplement IV
|
| 945 |
|
|
|a Project MUSE - Archive Asian and Pacific Studies Supplement III
|